000 00663nam a2200241Ia 4500
005 20260429112115.0
008 260429s9999||||xx |||||||||||||| ||und||
020 _a9781319589967
041 _aEnglish
082 _a572
_bCOX
100 _aCox, Michael M.
245 0 _aLehninger biochemistry :
_bcore concepts and applications /
_cMichael M. Cox
250 _a1st ed.
260 _aAustin :
_bMacmillan Learning,
_c2025.
300 _axxviii, 700 p.; pbk
650 _a Amino acids
650 _a Protein structure
650 _aBiochemistry
700 _a Hoskins, Aaron A.
700 _a Simcox, Judith
700 _a Viel, Alain
942 _cTB
999 _c52385
_d52385